[Event "MSU Interuniversity Cup"]
[Site "Moscow RUS"]
[Date "2023.05.16"]
[Round "4.1"]
[White "Isirailov, Nurgazy"]
[Black "Evtina, Diana"]
[Result "1-0"]
[WhiteElo "1750"]
[BlackElo "1817"]
[PlyCount "61"]
[EventDate "2023.05.15"]
[EventType "team (rapid)"]
[EventRounds "9"]
[EventCountry "RUS"]
[SourceTitle "CBM 214 Extra"]
[Source "ChessBase"]
[SourceDate "2023.07.31"]
[SourceVersion "1"]
[SourceVersionDate "2023.07.31"]
[SourceQuality "1"]
[WhiteTeam "Kyrgyzstan"]
[BlackTeam "SPbGU"]
[WhiteTeamCountry "KGZ"]
[BlackTeamCountry "RUS"]

1. e4 c5 2. Nf3 Nc6 3. d3 e5 4. Nc3 d6 5. Nd5 Nge7 6. c3 Be6 7. Ne3 f6 8. Be2 d5 9. 0-0 d4 10. cxd4 cxd4 11. Nc4 Ng6 12. a4 Bb4 13. Bd2 a5 14. Rc1 0-0 15. Re1 Rb8 16. Bf1 Qd7 17. h3 b5 18. axb5 Rxb5 19. Qa4 Bxc4 20. Rxc4 Rfb8 21. Bxb4 Nxb4 22. Rec1 R5b7 23. Qxa5 Nf4 24. Rc7 Rxc7 25. Rxc7 Qb5 26. Rc8+ Kf7 27. Qc7+ Kg6 28. Rxb8 Qa4 29. Nxe5+ fxe5 30. Qd6+ Kg5 31. Qxe5+ 1-0

[Event "Novokuznetsk-ch (Women)"]
[Site "Novokuznetsk"]
[Date "2013.09.21"]
[Round "6"]
[White "Marjina, Arina"]
[Black "Evtina, Diana"]
[Result "1/2-1/2"]
[WhiteElo "1911"]
[BlackElo "1874"]
[PlyCount "50"]
[EventDate "2013.09.01"]
[EventType "swiss"]
[EventRounds "7"]
[EventCountry "RUS"]
[SourceTitle "EXT 2022"]
[Source "ChessBase"]
[SourceDate "2021.10.06"]
[SourceVersion "1"]
[SourceVersionDate "2021.10.06"]
[SourceQuality "1"]

1. d4 d5 2. Nf3 Nf6 3. c4 c6 4. Nc3 a6 5. g3 b5 6. cxd5 cxd5 7. Bg2 Bb7 8. 0-0 g6 9. Bf4 Bg7 10. Ne5 Nbd7 11. Nxd7 Qxd7 12. Qb3 0-0 13. a4 bxa4 14. Nxa4 Qb5 15. Qxb5 axb5 16. Nc5 Bc6 17. Be5 e6 18. Rfc1 Rfc8 19. e3 Rxa1 20. Rxa1 Nd7 21. Bxg7 Kxg7 22. b4 Nb6 23. Ra7 Kf6 24. Bf1 Ra8 25. Rxa8 Nxa8 1/2-1/2

[Event "Novokuznetsk-ch (Women)"]
[Site "Novokuznetsk"]
[Date "2013.09.14"]
[Round "4"]
[White "Nurtdinova, Larisa"]
[Black "Evtina, Diana"]
[Result "0-1"]
[WhiteElo "1628"]
[BlackElo "1874"]
[PlyCount "82"]
[EventDate "2013.09.01"]
[EventType "swiss"]
[EventRounds "7"]
[EventCountry "RUS"]
[SourceTitle "EXT 2022"]
[Source "ChessBase"]
[SourceDate "2021.10.06"]
[SourceVersion "1"]
[SourceVersionDate "2021.10.06"]
[SourceQuality "1"]

1. e4 c5 2. Bc4 e6 3. Nc3 Nc6 4. Nf3 Nf6 5. d4 cxd4 6. Nxd4 Bb4 7. Nxc6 bxc6 8. Bg5 h6 9. Bxf6 Qxf6 10. Qd3 d5 11. exd5 exd5 12. Qe3+ Qe7 13. Be2 Qxe3 14. fxe3 0-0 15. 0-0 Re8 16. Nd1 Bc5 17. Kf2 d4 18. exd4 Bxd4+ 19. Kf3 Rxe2 20. c3 Bb6 21. Kxe2 Ba6+ 22. Kd2 Bxf1 23. g3 Re8 24. Kc2 Rd8 25. Kb3 Be2 26. Kc2 Bxd1+ 27. Rxd1 Rxd1 28. Kxd1 f5 29. Ke2 g5 30. Kf3 Kf7 31. g4 f4 32. h3 Ke6 33. Ke4 Be3 34. b3 a5 35. c4 Kd6 36. Kd3 Ke5 37. a3 Bc5 38. b4 Bxb4 39. Ke2 Ke4 40. Kf2 f3 41. Kf1 Ke3 0-1

[Event "Novokuznetsk op"]
[Site "Novokuznetsk"]
[Date "2013.08.13"]
[Round "3"]
[White "Evtina, Diana"]
[Black "Glukhov, Mikhail"]
[Result "0-1"]
[WhiteElo "1894"]
[BlackElo "2158"]
[PlyCount "102"]
[EventDate "2013.08.11"]
[EventType "swiss"]
[EventRounds "9"]
[EventCountry "RUS"]
[SourceTitle "CBM 156 Extra"]
[Source "ChessBase"]
[SourceDate "2013.10.22"]
[SourceVersion "1"]
[SourceVersionDate "2013.10.22"]
[SourceQuality "1"]

1. e4 c5 2. Nf3 e6 3. d4 cxd4 4. Nxd4 Nf6 5. Nc3 d6 6. Be3 Nc6 7. Nb3 Be7 8. Be2 0-0 9. 0-0 Qc7 10. f4 a6 11. a4 b6 12. g4 Bb7 13. Bd3 d5 14. g5 Nxe4 15. Nxe4 dxe4 16. Bxe4 Nb4 17. Bxb7 Qxb7 18. c3 Nd5 19. Bd4 Bd6 20. Qf3 Qc7 21. Be3 Qc4 22. Nd2 Qd3 23. Ne4 Qxe3+ 24. Qxe3 Nxe3 25. Nxd6 Nxf1 26. Rxf1 Rfd8 27. Ne4 Rac8 28. b3 Kf8 29. Kg2 f5 30. gxf6 gxf6 31. Rf3 Ke7 32. Rg3 Rg8 33. c4 Rxg3+ 34. hxg3 Rd8 35. c5 f5 36. Nd6 bxc5 37. Nc4 Rd3 38. Na5 Kd7 39. Nb7 Kc6 40. Na5+ Kd5 41. Kf2 Rc3 42. Kg2 Ke4 43. Nb7 Ke3 44. Na5 Ke2 45. Kh2 Kf2 46. Nb7 Rxb3 47. Nxc5 Rxg3 48. Nxe6 Rg6 49. Ng5 Rh6+ 50. Nh3+ Kf3 51. a5 Rh5 0-1

[Event "Novokuznetsk-ch"]
[Site "Novokuznetsk"]
[Date "2012.11.25"]
[Round "3"]
[White "Morozov, Vasiliy"]
[Black "Evtina, Diana"]
[Result "1-0"]
[WhiteElo "2047"]
[BlackElo "1896"]
[PlyCount "121"]
[EventDate "2012.11.18"]
[EventType "swiss"]
[EventRounds "9"]
[EventCountry "RUS"]
[SourceTitle "EXT 2014"]
[Source "ChessBase"]
[SourceDate "2013.11.20"]
[SourceVersion "1"]
[SourceVersionDate "2013.11.20"]
[SourceQuality "1"]

1. Nf3 d5 2. c4 c6 3. b3 Nf6 4. e3 Bg4 5. Be2 Nbd7 6. d4 e6 7. 0-0 Bd6 8. Nc3 0-0 9. h3 Bh5 10. Bb2 Rc8 11. Rc1 Qe7 12. Qc2 Bg6 13. Bd3 Bxd3 14. Qxd3 Rfd8 15. Rfe1 Nf8 16. e4 dxe4 17. Nxe4 Nxe4 18. Qxe4 Ng6 19. h4 Qf6 20. h5 Ne7 21. g4 Qf4 22. Rcd1 h6 23. Bc1 Qxe4 24. Rxe4 Bb4 25. g5 Kh7 26. Ne5 Rf8 27. f4 Bd6 28. Kg2 Bxe5 29. Rxe5 Nf5 30. Kf3 g6 31. hxg6+ Kxg6 32. gxh6 Kxh6 33. Be3 Nxe3 34. Kxe3 Kg6 35. Rf1 Rce8 36. Rg5+ Kf6 37. Kd3 Rg8 38. Ke4 Rg6 39. b4 b6 40. a4 Re7 41. Rxg6+ fxg6 42. Rh1 Rc7 43. Rh8 c5 44. bxc5 bxc5 45. d5 exd5+ 46. cxd5 c4 47. d6 Rd7 48. Kd5 c3 49. Rc8 Rb7 50. Rxc3 Rb1 51. d7 Rd1+ 52. Kc6 Ke7 53. Re3+ Kf7 54. Re5 Rc1+ 55. Kd6 Rd1+ 56. Rd5 Rxd5+ 57. Kxd5 Ke7 58. Kc6 Kd8 59. a5 a6 60. Kd6 g5 61. f5 1-0

[Event "Novokuznetsk School op"]
[Site "Novokuznetsk"]
[Date "2011.06.15"]
[Round "5"]
[White "Evtina, Diana"]
[Black "Vorobyova, Alyona"]
[Result "1-0"]
[WhiteElo "1911"]
[BlackElo "1984"]
[PlyCount "131"]
[EventDate "2011.06.15"]
[EventType "swiss"]
[EventRounds "9"]
[EventCountry "RUS"]
[SourceTitle "EXT 2022"]
[Source "ChessBase"]
[SourceDate "2021.10.06"]
[SourceVersion "1"]
[SourceVersionDate "2021.10.06"]
[SourceQuality "1"]

1. e4 c5 2. Nf3 Nc6 3. d4 cxd4 4. Nxd4 Nf6 5. Nc3 d6 6. f3 e5 7. Nb3 Be7 8. Be3 0-0 9. Be2 a5 10. a4 Be6 11. Nd5 Bxd5 12. exd5 Nb4 13. c4 Nd7 14. 0-0 f5 15. f4 e4 16. Nd4 Nc5 17. Nc2 Nbd3 18. Bxd3 Nxd3 19. Nd4 Qd7 20. Ne6 Rfc8 21. b3 Bf6 22. Bd4 Bxd4+ 23. Nxd4 Qf7 24. Ne6 Qf6 25. Qe2 Qc3 26. Rab1 Qf6 27. Qe3 Qe7 28. Rfd1 Nb4 29. Rd2 Re8 30. Qd4 Qd7 31. Qe3 Re7 32. Rbd1 Rf7 33. Ng5 Rf6 34. g3 Na6 35. Ne6 Nb4 36. Nd4 Rg6 37. Ne6 Na6 38. Kg2 Qe7 39. h3 h6 40. Kh2 Nb8 41. Qb6 Ra6 42. Qd8+ Qxd8 43. Nxd8 Rb6 44. Rb2 Nd7 45. Ne6 Rb4 46. Re1 Nb6 47. Ree2 h5 48. Nd4 Nxd5 49. Nxf5 Rf6 50. Nxg7 Kxg7 51. cxd5 Rf5 52. Red2 Kf6 53. Kg2 h4 54. gxh4 Rxf4 55. Rf2 Rxf2+ 56. Rxf2+ Kg6 57. Rf4 Kh5 58. Rg4 Rxb3 59. Rxe4 Rb4 60. Kf3 Rb3+ 61. Re3 Rb1 62. Re4 Rd1 63. Rg4 Rb1 64. Ke4 b5 65. axb5 Rxb5 66. Rg7 1-0